Soustava střídání plodin při jejich vyšší koncentraci s ohledem na výrobní specializaci /

Hlavní autor: Kos, Milan
Další autoři: Krejčí, Vladimír, 1925-
Jazyk: Čeština
Vydáno: Praha : Československá akademie zemědělská, Ústav vědeckotechnických informací, 1973
Edice: Metodiky pro zavádění výsledků výzkumu do praxe
Témata:
Fyzický popis: 23 stran ; 21 cm
Knihy
Uloženo v:
LEADER 01551nam a22003972i 4500
001 001582830
003 CZ BrMZK
005 20171025142448.0
007 ta
008 170623s1973 xr erf||||||||||cze d
015 |a cnb000456419 
020 |q (Brož.) 
035 |a (OCoLC)42119292 
040 |a ABA001  |b cze  |c OSA001  |d ABA001  |d BOA001  |e rda 
072 7 |a 633  |x Rostlinná výroba  |2 Konspekt  |9 24 
080 |a 633  |2 MRF 
080 |a (072)  |2 MRF 
100 1 |a Kos, Milan  |7 jx20071213037  |4 aut 
245 1 0 |a Soustava střídání plodin při jejich vyšší koncentraci s ohledem na výrobní specializaci /  |c Milan Kos 
264 1 |a Praha :  |b Československá akademie zemědělská, Ústav vědeckotechnických informací,  |c 1973 
300 |a 23 stran ;  |c 21 cm 
336 |a text  |b txt  |2 rdacontent 
337 |a bez média  |b n  |2 rdamedia 
338 |a svazek  |b nc  |2 rdacarrier 
490 1 |a Metodiky pro zavádění výsledků výzkumu do praxe ;  |v 13/1973 
500 |a V tiráži údaj o původcích: zpracoval Milan Kos, Vladimír Krejčí 
504 |a Obsahuje bibliografii 
650 0 7 |a pěstování polních rostlin  |7 ph183359  |2 czenas 
655 7 |a metodické příručky  |7 fd132826  |2 czenas 
700 1 |a Krejčí, Vladimír,  |d 1925-  |7 jk01063238  |4 aut 
830 0 |a Metodiky pro zavádění výsledků výzkumu do praxe 
910 |a BOA001  |b X-0706.269 
928 9 |a Ústav vědeckotechnických informací 
990 |a BK 
991 |b 201706 
996 6 |b 2618902099  |c X-0706.269  |l MZK  |r Sklad / do 24 hodin  |n 0  |w 001618205  |u 000010  |a 1  |e BOA001  |j MZK50  |s P